1967 steam charts (Record no. 20544)

000 -LEADER
fixed length control field 00500nam a22001931 4500
001 - CONTROL NUMBER
control field 20544
003 - CONTROL NUMBER IDENTIFIER
control field BD-DhUET
008 - FIXED-LENGTH DATA ELEMENTS--GENERAL INFORMATION
fixed length control field 700914s1968 nyua 000 0 eng
020 ## - INTERNATIONAL STANDARD BOOK NUMBER
International Standard Book Number 0713130458
040 ## - CATALOGING SOURCE
Original cataloging agency DLC
Transcribing agency DLC
Modifying agency BD-DhUET
082 ## - DEWEY DECIMAL CLASSIFICATION NUMBER
Classification number 621.101084
Item number ELE/1967
110 ## - MAIN ENTRY--CORPORATE NAME
Corporate name or jurisdiction name as entry element Electrical Research Association
245 10 - TITLE STATEMENT
Title 1967 steam charts
250 ## - EDITION STATEMENT
Edition statement 1st ed.
260 ## - PUBLICATION, DISTRIBUTION, ETC. (IMPRINT)
Place of publication, distribution, etc. London
Name of publisher, distributor, etc. Edward Arnold
Date of publication, distribution, etc. 1967
300 ## - PHYSICAL DESCRIPTION
Extent vii, 64 p. (chiefly illus., part col.)
Dimensions 31 cm.
650 #0 - SUBJECT ADDED ENTRY--TOPICAL TERM
Topical term or geographic name as entry element Steam
942 ## - ADDED ENTRY ELEMENTS (KOHA)
Koha item type Corporate Publication
Holdings
Shelving location Koha full call number Source of classification or shelving scheme Withdrawn status Koha normalized classification for sorting Piece designation (barcode) Koha date last seen Copy number Damaged status Lost status Not for loan Sublocation or collection (holding branch) Date acquired Location (home branch) Koha item type Price effective from
Circulation section621.101084/ELE/1967  621_101084000000000_ELE_1967182952015-04-121   Central Library, BUET2015-04-12Central Library, BUETCorporate Publication2015-04-12
Circulation section621.101084/ELE/1967  621_101084000000000_ELE_1967182932015-04-122   Central Library, BUET2015-04-12Central Library, BUETCorporate Publication2015-04-12
Circulation section621.101084/ELE/1967  621_101084000000000_ELE_1967131662015-04-123   Central Library, BUET2015-04-12Central Library, BUETCorporate Publication2015-04-12
Circulation section621.101084/ELE/1967  621_101084000000000_ELE_1967131622015-04-124   Central Library, BUET2015-04-12Central Library, BUETCorporate Publication2015-04-12
Circulation section621.101084/ELE/1967  621_101084000000000_ELE_1967182972015-04-125   Central Library, BUET2015-04-12Central Library, BUETCorporate Publication2015-04-12
Circulation section621.101084/ELE/1967  621_101084000000000_ELE_1967182962015-04-126   Central Library, BUET2015-04-12Central Library, BUETCorporate Publication2015-04-12
Circulation section621.101084/ELE/1967  621_101084000000000_ELE_1967182942015-04-127   Central Library, BUET2015-04-12Central Library, BUETCorporate Publication2015-04-12
Circulation section621.101084/ELE/1967  621_101084000000000_ELE_1967183002015-04-128   Central Library, BUET2015-04-12Central Library, BUETCorporate Publication2015-04-12
Circulation section621.101084/ELE/1967  621_101084000000000_ELE_1967131632015-04-129   Central Library, BUET2015-04-12Central Library, BUETCorporate Publication2015-04-12
Circulation section621.101084/ELE/1967  621_101084000000000_ELE_1967182992015-04-1210   Central Library, BUET2015-04-12Central Library, BUETCorporate Publication2015-04-12
Circulation section621.101084/ELE/1967  621_101084000000000_ELE_1967131652015-04-1211   Central Library, BUET2015-04-12Central Library, BUETCorporate Publication2015-04-12
Circulation section621.101084/ELE/1967  621_101084000000000_ELE_1967183022015-04-1212   Central Library, BUET2015-04-12Central Library, BUETCorporate Publication2015-04-12
Circulation section621.101084/ELE/1967  621_101084000000000_ELE_1967183012015-04-1213   Central Library, BUET2015-04-12Central Library, BUETCorporate Publication2015-04-12